[Event "Golden Rook op (Women)"]
[Site "Chotowa"]
[Date "2003.05.11"]
[Round "6"]
[White "Ruszkowska, Joanna"]
[Black "Sosnowska, Elzbieta"]
[Result "0-1"]
[WhiteElo "1600"]
[BlackElo "2080"]
[PlyCount "66"]
[EventDate "2003.05.??"]
[EventType "swiss"]
[EventRounds "9"]
[EventCountry "POL"]
[SourceTitle "EXT 2005"]
[Source "ChessBase"]
[SourceDate "2004.11.15"]
[SourceVersion "1"]
[SourceVersionDate "2004.11.15"]
[SourceQuality "1"]

1. d4 d5 2. c4 e6 3. Nc3 c5 4. cxd5 exd5 5. dxc5 d4 6. Ne4 Bxc5 7. a3 Bb6 8. Nf3 Nc6 9. g3 Bf5 10. Ned2 Nge7 11. Bg2 0-0 12. 0-0 Be6 13. Qc2 Rc8 14. Ng5 Bf5 15. Be4 Bxe4 16. Qxe4 Ng6 17. Ndf3 Qf6 18. h4 Rfe8 19. Qd3 h6 20. Nh3 Nge5 21. Nxe5 Nxe5 22. Qd1 Qf5 23. Nf4 g5 24. hxg5 hxg5 25. Nh5 Qh3 26. Nf6+ Kg7 27. Bxg5 Rh8 28. Bh4 Rxh4 29. gxh4 Kxf6 30. Qd2 Qg4+ 31. Kh2 Qxh4+ 32. Kg2 Rg8+ 33. Qg5+ Rxg5# 0-1

[Event "Golden Rook op (Women)"]
[Site "Chotowa"]
[Date "2003.05.09"]
[Round "4"]
[White "Mazurek, Michalina"]
[Black "Ruszkowska, Joanna"]
[Result "1/2-1/2"]
[WhiteElo "1600"]
[BlackElo "1600"]
[PlyCount "77"]
[EventDate "2003.05.??"]
[EventType "swiss"]
[EventRounds "9"]
[EventCountry "POL"]
[SourceTitle "EXT 2005"]
[Source "ChessBase"]
[SourceDate "2004.11.15"]
[SourceVersion "1"]
[SourceVersionDate "2004.11.15"]
[SourceQuality "1"]

1. d4 d5 2. c4 c6 3. Nf3 Bf5 4. Nc3 e6 5. e3 Nf6 6. Bd3 Bxd3 7. Qxd3 Nbd7 8. cxd5 cxd5 9. a3 Be7 10. 0-0 0-0 11. Bd2 Nb6 12. Qb5 Qd7 13. Qb3 Nc4 14. Rac1 Rfc8 15. Rc2 Qc7 16. Rfc1 Rab8 17. Ne2 b5 18. Bb4 a5 19. Bxe7 Qxe7 20. Rb1 a4 21. Qd3 b4 22. axb4 Qxb4 23. Qc3 Ne4 24. Qxb4 Rxb4 25. Rcc1 Rcb8 26. Ne5 Rxb2 27. Rxb2 Nxb2 28. Rc7 Ra8 29. Nc1 f6 30. Nc6 a3 31. Na2 Nd3 32. f3 Nd2 33. Ra7 Rxa7 34. Nxa7 Kf7 35. Nb5 Nc4 36. Kf1 e5 37. Ke2 Ndb2 38. Nc7 Nb6 39. Nb5 1/2-1/2

[Event "Golden Rook op (Women)"]
[Site "Chotowa"]
[Date "2003.05.07"]
[Round "2"]
[White "Ruszkowska, Joanna"]
[Black "Olender, Joanna"]
[Result "0-1"]
[WhiteElo "1600"]
[BlackElo "1900"]
[PlyCount "80"]
[EventDate "2003.05.??"]
[EventType "swiss"]
[EventRounds "9"]
[EventCountry "POL"]
[SourceTitle "EXT 2005"]
[Source "ChessBase"]
[SourceDate "2004.11.15"]
[SourceVersion "1"]
[SourceVersionDate "2004.11.15"]
[SourceQuality "1"]

1. d4 f5 2. Nc3 Nf6 3. Nf3 e6 4. Bf4 b6 5. e3 Bb7 6. a3 Be7 7. Bg5 0-0 8. Bd3 Qe8 9. Bxf6 Rxf6 10. e4 Qg6 11. Qe2 Qxg2 12. Rg1 Qh3 13. 0-0-0 fxe4 14. Bxe4 Bxe4 15. Ng5 Qh6 16. Ncxe4 Rf5 17. h4 Qxh4 18. Nf3 Qf4+ 19. Ned2 Nc6 20. Kb1 Raf8 21. Rg3 Nxd4 22. Nxd4 Qxd4 23. Ne4 Qe5 24. Rxd7 Rxf2 25. Qd3 Rf1+ 26. Ka2 Bh4 27. Rh3 R1f4 28. Nd2 Qf5 29. Qb3 Rd8 30. Rhd3 Rxd7 31. Rxd7 Bg5 32. Qc3 Bf6 33. Qxc7 h5 34. Qc8+ Kh7 35. Rf7 Rf2 36. Rf8 g6 37. Rf7+ Kh6 38. Rd7 e5 39. Qf8+ Kg5 40. Qd6 Qxc2 0-1